Personnages de Fast & Furious 4 - Statistiques

Statistiques générales
  • Ce quiz a été pris 95 fois
  • Le résultat moyen est 7 sur 11
Statistiques - réponses
Hint Réponse % Correct
Après l'attaque du camion au début du film en République dominicaine, il apprend par téléphone la mort de 4, il retourne à L.A Dom
100%
Copine de 1, qui se fait tuer par 10 Letty
94%
De retour à L.A après avoir été à Miami, il réintègre le FBI pour enquêter sur la mort de 4 Brian
91%
Copine de 2 dans le 1er film, elle se remet avec pendant le film. Mia
90%
Ami de 1 qui le rejoint dans Los Bandoleros, mais disparaît après le braquage de la citerne au début du film Han
73%
Antagoniste qui recrute des pilotes pour amener de la drogue qui vient du Mexique, responsable de la mort de 4. Il se fait arrêter à la fin du film Campos/Braga
64%
Bras droit de 9 Gisele
47%
Agent du FBI qui se fait briser le nez par 2 Stasiak
33%
Assassin de 4, qui se fait tuer à la fin du film par 1 Fenix
27%
Libéré de prison dans Los Bandoleros, il participe au casse de la citerne au début du film Tego
26%
Ami de longue date de 1 et meilleur ami de 7, il s'enfuit avec ce dernier après le braquage du camion Rico
11%
Aucun quiz correspondant
Distribution des résultats
% des personnes avec chaque résultat
Percentile par nombre de réponses
Votre historique - résultats
Vous n’avez pas pris ce quiz